Prof. G Ram Reddy Library

The oral and the written in early Islam (Record no. 102308)

MARC details
000 -LEADER
fixed length control field 00630nam a2200205Ia 4500
003 - CONTROL NUMBER IDENTIFIER
control field LDD
008 - FIXED-LENGTH DATA ELEMENTS--GENERAL INFORMATION
fixed length control field 181029s9999 xx 000 0 und d
020 ## - INTERNATIONAL STANDARD BOOK NUMBER
International Standard Book Number 415394953
Terms of availability P 90.00
040 ## - CATALOGING SOURCE
Transcribing agency LDD
100 ## - MAIN ENTRY--PERSONAL NAME
Personal name Schoeler, Gregor
245 #4 - TITLE STATEMENT
Title The oral and the written in early Islam
Statement of responsibility, etc. Gregor Schoeler
260 ## - PUBLICATION, DISTRIBUTION, ETC.
Place of publication, distribution, etc. London
Name of publisher, distributor, etc. Routledge
Date of publication, distribution, etc. 2006
300 ## - PHYSICAL DESCRIPTION
Extent viii, 248p
365 ## - TRADE PRICE
Price amount P 90.00
440 ## - SERIES STATEMENT/ADDED ENTRY--TITLE
Title Routledge studies in middle eastern literatures/ edited by J
901 ## - LOCAL DATA ELEMENT A, LDA (RLIN)
a 7710
b 26-09-2011
902 ## - LOCAL DATA ELEMENT B, LDB (RLIN)
a 10367
b 29-09-2011
c F
d UPPAL
e FL
903 ## - LOCAL DATA ELEMENT C, LDC (RLIN)
a Discount-35
b Reqst by : G. Chaudhuri
942 ## - ADDED ENTRY ELEMENTS (KOHA)
Source of classification or shelving scheme Dewey Decimal Classification
Koha item type Books
Holdings
Withdrawn status Lost status Source of classification or shelving scheme Damaged status Not for loan Home library Current library Total Checkouts Full call number Barcode Date last seen Cost, replacement price Price effective from Koha item type
No   Dewey Decimal Classification     Library and Documentation Division Library and Documentation Division   892.70938297 Sch6O 085642 11/01/2018 6885.90 11/01/2018 Books

© Prof. G Ram Reddy Centre Library, Indira Gandhi National Open University, Maidan Garhi, New Delhi, 110068
+91-011-29532797 | FAX+91-011-29533393 |